Environmental analysis in the winegrowing industry

Analýza prostredia vo vinohradíctve a vinárstve je potrebná pre strategické riadenie podnikov tohto odvetvia. Príspevok je zameraný na analýzu PEST a venuje určitú pozornosť jednotlivým faktorom. Uvádza nutnosť adaptácie legislatívy ČR na podmienky EÚ. Obnova viníc dotáciami z rozpočtu štátu. Zmeny...

Description complète

Enregistré dans:
Détails bibliographiques
Auteur principal: Tomšík, Pavel
Format: Chapitre de livre
Langue:anglais
Sujets:
Tags: Ajouter un tag
Pas de tags, Soyez le premier à ajouter un tag!

MARC

LEADER 00000naa a2200000 4500
001 r045988
005 20231004091509.6
041 0 |a eng 
044 |a CZ 
245 1 0 |a Environmental analysis in the winegrowing industry  |c Pavel Tomšík 
520 |a Analýza prostredia vo vinohradíctve a vinárstve je potrebná pre strategické riadenie podnikov tohto odvetvia. Príspevok je zameraný na analýzu PEST a venuje určitú pozornosť jednotlivým faktorom. Uvádza nutnosť adaptácie legislatívy ČR na podmienky EÚ. Obnova viníc dotáciami z rozpočtu štátu. Zmeny technológií pestovania a zmeny vo vinohradníctve. Význam podielu vinohradníckeho a vinárskeho sektora v ČR na celkovej poľnohospodárskej produkcii v regiónoch. 
610 2 0 |a vinohradníctvo 
610 2 0 |a odvetvia výrobné 
610 2 0 |a výroba poľnohospodárska 
610 2 0 |a Česko 
610 2 0 |a legislatíva 
610 2 0 |a dotácie 
610 2 0 |a analýzy 
610 2 0 |a politika poľnohospodárska 
610 2 0 |a politika regionálna 
610 2 0 |a integrácia 
610 2 0 |a Európska únia 
100 1 |a Tomšík, Pavel